Tous les pays dont le nom commence par “S” - Statistiques

Statistiques générales
  • Ce quiz a été pris 152 fois
  • Le résultat moyen est 15 sur 22
Statistiques - réponses
Indice Pays % Correct
Afrique Soudan
91%
Europe Slovénie
85%
Afrique Somalie
85%
Europe Slovaquie
84%
Afrique Soudan du Sud
80%
Europe Suède
79%
Europe Suisse
76%
Amérique du Sud Suriname
76%
Europe Serbie
73%
Afrique Sénégal
70%
Asie Syrie
66%
Amérique du Nord Sainte-Lucie
65%
Asie Sri Lanka
62%
Europe Saint-Marin
61%
Amérique du Nord Saint-Vincent-et-les-Grenadines
61%
Océanie Samoa
61%
Afrique São Tomé-et-Principe
60%
Afrique Seychelles
57%
Amérique du Nord Salvador
55%
Océanie Îles Salomon
50%
Afrique Sierra Leone
50%
Asie Singapour
50%
Aucun quiz correspondant
Distribution des résultats
% des personnes avec chaque résultat
Percentile par nombre de réponses
Votre historique - résultats
Vous n’avez pas pris ce quiz